| 000 | 00559nam a2200121Ia 4500 | ||
|---|---|---|---|
| 008 | 220615s9999||||xx |||||||||||||| ||und|| | ||
| 100 | _aFoglietta, Chiara||Panzieri, Stefano | ||
| 245 | 0 | _aChapter Resilience in Critical Infrastructures: The Role of Modelling and Simulation | |
| 546 | _aEnglish[eng] | ||
| 650 | _aresilience metric, risk management, critical infrastructure modelling, simulation | ||
| 856 | _uhttps://library.oapen.org/bitstream/20.500.12657/49371/1/74123.pdf||https://library.oapen.org/bitstream/20.500.12657/49371/1/74123.pdf | ||
| 942 | _cEB | ||
| 999 |
_c16124 _d16124 |
||